[Event "Sachsen-Anhalt-ch op"]
[Site "Magdeburg"]
[Date "2022.10.31"]
[Round "5"]
[White "Westendorp, Christian"]
[Black "Winterstein, Nils"]
[Result "1-0"]
[WhiteElo "1768"]
[BlackElo "1713"]
[PlyCount "91"]
[EventDate "2022.10.29"]
[EventType "swiss"]
[EventRounds "7"]
[EventCountry "GER"]
[SourceTitle "CBM 211 Extra"]
[Source "ChessBase"]
[SourceDate "2023.01.31"]
[SourceVersion "1"]
[SourceVersionDate "2023.01.31"]
[SourceQuality "1"]

1. d4 d5 2. c4 e6 3. Nc3 Nf6 4. Bg5 Be7 5. Nf3 0-0 6. e3 a6 7. a3 dxc4 8. Bxc4 b5 9. Bd3 Nbd7 10. b4 Bb7 11. 0-0 c6 12. Ne4 Nxe4 13. Bxe7 Qxe7 14. Bxe4 Nf6 15. Nd2 Nxe4 16. Nxe4 a5 17. Qb3 Ra7 18. Nc5 Rfa8 19. Qc3 Bc8 20. Rfc1 f6 21. f4 Kf7 22. Nd3 Bd7 23. Qb2 Be8 24. Rc5 a4 25. Qf2 Rd8 26. g4 Kg8 27. g5 Bg6 28. gxf6 gxf6 29. Qg2 Kh8 30. Nf2 Rg8 31. Kh1 Be8 32. Qf3 Qf8 33. Rcc1 Rag7 34. Rg1 Qd6 35. Rxg7 Rxg7 36. Rg1 Rxg1+ 37. Kxg1 Bg6 38. h4 Bc2 39. Ng4 Kg7 40. Qg2 Qd5 41. Qxc2 Qf3 42. Qg2 Qd1+ 43. Kh2 Qb3 44. Qxc6 Qxa3 45. Qxe6 Qa2+ 46. Qxa2 1-0

[Event "Sachsen-Anhalt-ch op"]
[Site "Magdeburg"]
[Date "2022.10.29"]
[Round "2"]
[White "Urban, Tom"]
[Black "Winterstein, Nils"]
[Result "1/2-1/2"]
[WhiteElo "1601"]
[BlackElo "1713"]
[PlyCount "35"]
[EventDate "2022.10.29"]
[EventType "swiss"]
[EventRounds "7"]
[EventCountry "GER"]
[SourceTitle "CBM 211 Extra"]
[Source "ChessBase"]
[SourceDate "2023.01.31"]
[SourceVersion "1"]
[SourceVersionDate "2023.01.31"]
[SourceQuality "1"]

1. e4 e6 2. d4 d5 3. exd5 exd5 4. Nf3 Bd6 5. Bd3 Nf6 6. 0-0 0-0 7. Bg5 Bg4 8. c3 Nbd7 9. Nbd2 c6 10. Qc2 Qc7 11. Rfe1 Rae8 12. Bh4 Bh5 13. Bg3 Bxg3 14. hxg3 Bg6 15. Bxg6 fxg6 16. Rxe8 Rxe8 17. Re1 Rxe1+ 18. Nxe1 1/2-1/2